01518nam a2200361Ia 4500001001200000003000800012006001900020007001500039008004100054010001700095020001500112020001800127040002100145035002100166050002700187082001600214100002300230245015600253260005800409300002600467504006600493533015200559650004200711650004400753650005000797650004500847650004200892655002900934710001700963830003300980856012601013999001701139ebr10269054CaPaEBRm u cr cn|||||||||010509s2002 enka sb 001 0 eng d z 2001034649 z0195146697 z9780195146691 aCaPaEBRcCaPaEBR a(OCoLC)25266630014aHC244.Z9bT4724 2002eb04a338.9472211 aQuandt, Richard E.14aThe changing landscape in Eastern Europeh[electronic resource] :ba personal perspective on philanthropy and technology transfer /cRichard E. Quandt. aOxford ;aNew York :bOxford University Press,c2002. axviii, 469 p. :bill. aIncludes bibliographical references (p. 421-446) and indexes. aElectronic reproduction.bPalo Alto, Calif. :cebrary,d2009.nAvailable via World Wide Web.nAccess may be limited to ebrary affiliated libraries. 0aEconomic assistancezEurope, Eastern. 0aEconomicszEurope, EasternxEndowments. 0aLibrary sciencezEurope, EasternxEndowments. 0aManagementzEurope, EasternxEndowments. 0aTechnology transferzEurope, Eastern. 7aElectronic books.2local2 aebrary, Inc. 0aEurope in transition series.40uhttp://site.ebrary.com/lib/rucke/Doc?id=10269054zAn electronic book accessible through the World Wide Web; click to view c23206d23206